|
|
|
|
| LEADER |
03417nam a2200733 4500 |
| 001 |
ocn794973806 |
| 003 |
OCoLC |
| 005 |
20170124071529.9 |
| 006 |
m o d |
| 007 |
cr ||||||||||| |
| 008 |
120606s2012 mau ob 001 0 eng |
| 010 |
|
|
|a 2012023213
|
| 040 |
|
|
|a DLC
|b eng
|e pn
|c DLC
|d YDX
|d N$T
|d IDEBK
|d DG1
|d E7B
|d YDXCP
|d CDX
|d DKDLA
|d UBY
|d NLGGC
|d UKDOC
|d COO
|d DEBSZ
|d K6U
|d OCLCQ
|d DEBBG
|d AZK
|d LOA
|d GrThAP
|
| 019 |
|
|
|a 801656163
|a 817104636
|a 844729513
|a 961502172
|a 962592125
|a 966487365
|
| 020 |
|
|
|a 9781118295236
|q (ePub)
|
| 020 |
|
|
|a 1118295234
|q (ePub)
|
| 020 |
|
|
|a 9781118295229
|q (MobiPocket)
|
| 020 |
|
|
|a 1118295226
|q (MobiPocket)
|
| 020 |
|
|
|a 9781118295243
|q (Adobe PDF)
|
| 020 |
|
|
|a 1118295242
|q (Adobe PDF)
|
| 020 |
|
|
|a 1118295218
|
| 020 |
|
|
|a 9781118295212
|
| 020 |
|
|
|a 1280995335
|
| 020 |
|
|
|a 9781280995330
|
| 020 |
|
|
|z 9781118295182
|q (pbk.)
|
| 029 |
1 |
|
|a AU@
|b 000049296058
|
| 029 |
1 |
|
|a CHNEW
|b 000601756
|
| 029 |
1 |
|
|a DEBBG
|b BV040842464
|
| 029 |
1 |
|
|a DEBSZ
|b 423202464
|
| 029 |
1 |
|
|a DKDLA
|b 820120-katalog:000599797
|
| 029 |
1 |
|
|a NZ1
|b 14976530
|
| 029 |
1 |
|
|a DEBBG
|b BV043394592
|
| 035 |
|
|
|a (OCoLC)794973806
|z (OCoLC)801656163
|z (OCoLC)817104636
|z (OCoLC)844729513
|z (OCoLC)961502172
|z (OCoLC)962592125
|z (OCoLC)966487365
|
| 042 |
|
|
|a pcc
|
| 043 |
|
|
|a e-uk-en
|
| 050 |
0 |
0 |
|a B1561
|
| 072 |
|
7 |
|a PHI
|x 016000
|2 bisacsh
|
| 082 |
0 |
0 |
|a 192
|2 23
|
| 049 |
|
|
|a MAIN
|
| 245 |
0 |
4 |
|a The pursuit of philosophy :
|b some Cambridge perspectives /
|c edited by Alexis Papazoglou.
|
| 264 |
|
1 |
|a Malden, MA :
|b Wiley-Blackwell,
|c 2012.
|
| 300 |
|
|
|a 1 online resource.
|
| 336 |
|
|
|a text
|b txt
|2 rdacontent
|
| 337 |
|
|
|a computer
|b c
|2 rdamedia
|
| 338 |
|
|
|a online resource
|b cr
|2 rdacarrier
|
| 347 |
|
|
|a data file
|2 rda
|
| 380 |
|
|
|a Bibliography
|
| 490 |
1 |
|
|a Metaphilosophy : metaphilosophy series in philosophy
|
| 504 |
|
|
|a Includes bibliographical references and index.
|
| 588 |
0 |
|
|a Print version record and CIP data provided by publisher.
|
| 520 |
|
|
|a Eleven Cambridge academics approach philosophy from various fields, to broaden its practical and theoretical applications. Guides a tour through various academic departments-including history, political science, classics, law, and English-to ferret out the philosophy in their syllabi, and to show philosophy's symbiotic relationship with other fields. Provides a map of what philosophy is considered to be at Cambridge in the early twenty-first century, about a hundred years after the "founding fathers" of analytic philosophy reigned at Cambridge. Offers useful new directions for the study and application of philosophy, and how other fields can influence them.
|
| 610 |
2 |
0 |
|a University of Cambridge.
|b Faculty of Philosophy.
|
| 610 |
2 |
4 |
|a University of Cambridge.
|b Faculty of Philosophy.
|
| 650 |
|
0 |
|a Philosophy, British
|y 20th century.
|
| 650 |
|
0 |
|a Philosophy, English
|y 20th century.
|
| 650 |
|
0 |
|a Philosophy
|x Study and teaching (Higher)
|z England
|z Cambridge.
|
| 650 |
|
7 |
|a PHILOSOPHY
|x History & Surveys
|x Modern.
|2 bisacsh
|
| 655 |
|
4 |
|a Electronic books.
|
| 655 |
|
7 |
|a Electronic books.
|2 local
|
| 700 |
1 |
|
|a Papazoglou, Alexis.
|
| 776 |
0 |
8 |
|i Print version:
|t Pursuit of philosophy.
|d Malden, MA : Wiley, 2012
|z 9781118295182
|w (DLC) 2012017697
|
| 830 |
|
0 |
|a Metaphilosophy series in philosophy.
|
| 856 |
4 |
0 |
|u https://doi.org/10.1002/9781118295212
|z Full Text via HEAL-Link
|
| 994 |
|
|
|a 92
|b DG1
|